| 000 | 01692nam a2200385 c 4500 | ||
|---|---|---|---|
| 003 | BLK | ||
| 005 | 20230406030518.0 | ||
| 008 | 180408b bul|||||r ||||||| ||bul|| | ||
| 010 | _aKNG00048808000 | ||
| 020 |
_a954-775-401-7 _bиздат.: Фабер |
||
| 040 | _aBLK | ||
| 041 |
_aBUL _cBUL |
||
| 080 |
_aБългарска литература _b821.163.2 _x(092) _z821.163.2(092) |
||
| 080 |
_aБългарска литература _b821.163.2 _x.09 _z821.163.2.09 |
||
| 080 |
_aБългарски писател и драматург, ветеринарен лекар, професор по анатомия на гръбначните животни _b929 Димов, Димитър Тодоров _x _z929 Димов, Димитър Тодоров |
||
| 100 | 1 |
_aИчевска, Татяна _eпърви автор _9279892 |
|
| 139 |
_aИчевска, Татяна _bД 60 |
||
| 245 | 1 | 0 |
_aРоманите на Димитър Димов _cТатяна Ичевска. |
| 257 | _aBGR | ||
| 260 |
_аВ. Търново _bФабер _c2005 |
||
| 300 |
_a252 с. _c20 см |
||
| 380 | _a82 | ||
| 500 | _aСъдържа и Нов роман за романиста / Сава Василев. - Библиогр. с. 234-244 и под линия | ||
| 504 | _a234-244 | ||
| 600 | 1 | 4 |
_aДимов, Димитър Тодоров _9364841 |
| 650 | 4 |
_aБългарска литература - критика _9241969 |
|
| 653 | _aбългарска литература | ||
| 653 | _aкритика | ||
| 653 | _aДимитър Димов | ||
| 852 | _aЦб 222852 | ||
| 856 | 4 |
_qpdf _u |
|
| 856 | 4 |
_qpdf _u |
|
| 942 |
_cKNG _n0 |
||
| 944 |
_aCR _c17.03.2005 _kЦветанка_Енчева |
||
| 944 |
_aED _c17.07.2006 _k |
||
| 999 |
_c45028 _d45028 |
||